| 000 | 00557nam a2200181 i 4500 | ||
|---|---|---|---|
| 001 | 141424 | ||
| 003 | ES-MaACL | ||
| 005 | 20230906200306.0 | ||
| 007 | t| | ||
| 008 | 070924s1970 sp ||||1| spa d | ||
| 100 | 1 |
_aVladimirov, Leonid. _9115629 |
|
| 245 | 1 | 4 |
_aLos rusos de hoy / _cLeonid Vladimirov ; [traducción de Javier Mencos y Sicart]. |
| 250 | _a[1ª ed.]. | ||
| 260 |
_a[Barcelona] : _bPlaza Janés, _c[1970] |
||
| 300 |
_a308 p., 20 lám. ; _c21 cm. |
||
| 700 | 1 |
_aMencos y Sicart, Javier de. _980091 |
|
| 852 |
_aES-MaACL _jC-49529 _bR.73660 |
||
| 999 |
_c141424 _d141424 |
||